Movies Quiz

Random Movies or Box Office Quiz

Highest-Grossing Film Titleholders Quiz Stats

 Plays Quiz Updated Aug 9, 2019

Score 0/13 Timer 02:00
2 Plays Today
Year Movie % Correct
1997Titanic
94.7%
1977Star Wars
94.3%
2009Avatar
93%
1982E.T.: The Extra-Terrestrial
83.3%
2019Avengers: Endgame
76%
1972The Godfather
75.5%
1937Snow White and the Seven Dwarfs
71.5%
1939Gone with the Wind
70%
1975Jaws
66.6%
1993Jurassic Park
53.5%
1915The Birth of a Nation
32.2%
1965The Sound of Music
22.2%
1925The Big Parade
3.1%

You're not logged in!

Compare scores with friends on all Sporcle quizzes.
OR
Log In

Sporcle TV

Today on Sporcle TV


Watch our educational content, quiz creation guides, and fun videos on Sporcle TV.

Show Comments

Extras

Top Quizzes Today


Score Distribution

Your Account Isn't Verified!

In order to create a playlist on Sporcle, you need to verify the email address you used during registration. Go to your Sporcle Settings to finish the process.

Report this User

Report this user for behavior that violates our Community Guidelines.

Details: